000 00866nam a22002295i 4500
001 157068
003 ES-MaACL
005 20231226145007.0
008 040809q18501900sp a |||| | spa d
040 _aCAM
_bspa
_cCAM
100 1 _aLarra, Mariano José de,
_d1809-1837
_970287
245 1 3 _aEl arte de conspirar
_b: comedia en cinco actos /
_carreglada al teatro español por Mariano José de Larra (Figaro).
260 _a[S.l. :
_bs.n.,
_cs.a.]
300 _a30 p. :
_bil. ;
_c27 cm.
490 1 _aMuseo dramatico ilustrado
500 _aDatos tomados de comienzo de texo.
596 _aProbablemente impreso en la segunda mitad del siglo XIX.
599 _aPrecede al tit. grab.
830 0 _aMuseo dramatico ilustrado
_9221750
852 _aES-MaACL
_jT-1440-F-11
_z-- Enc. hol.
_z-- Enc. en un vol. facticio
999 _c157068
_d157068